| 000 | 00708nam a2200241 a 4500 | ||
|---|---|---|---|
| 001 | BRCA_5922 | ||
| 005 | 20190320205250.0 | ||
| 008 | 180311s1899----enka######---#000-0#eng-# | ||
| 041 | _aeng | ||
| 044 | _aenk | ||
| 050 | 4 |
_aNK7210 _b.M37 1899 |
|
| 100 | 1 |
_aMarkham, Christopher A. _q(Christopher Alexander) _914968 |
|
| 245 | 1 | 0 |
_aHandbook to French hallmarks on gold and silver plate _cChristopher A. Markham. |
| 260 |
_aLondres _bReeves & Turner _c1899 |
||
| 300 |
_a66 p. _bil., 1 lámina _c19 cm. |
||
| 500 | _aIncluye índice alfabético | ||
| 500 | _aG69 | ||
| 650 | 1 | 4 |
_aMarcas de orfebrería _99229 |
| 650 | 1 | 4 |
_aOrfebrería _97836 |
| 650 | 1 | 4 |
_aPlatería _92745 |
| 902 | _aGFM | ||
| 942 |
_2lcc _cB |
||
| 999 |
_c5611 _d5611 |
||